Cities in the Los Angeles Metro Area on a Map - Statistics

General Stats
  • This quiz has been taken 94 times
  • The average score is 52 of 122
Answers on the Map
Answers color-coded by a green-red scale on the quiz's map according to % correct below.
 
Answer Stats
City Pop. % Correct
Los Angeles 3,898,747
97%
Anaheim 346,824
95%
Long Beach 466,742
95%
Santa Ana 310,227
89%
Irvine 307,670
88%
Compton 95,740
85%
Inglewood 107,762
82%
Malibu 10,654
82%
Santa Monica 93,076
82%
Santa Clarita 228,673
80%
Burbank 107,337
79%
Huntington Beach 198,711
79%
Orange 139,911
79%
Beverly Hills 32,701
74%
Pasadena 138,699
73%
Torrance 147,067
71%
Lancaster 173,516
68%
Palmdale 169,450
67%
Fullerton 143,617
65%
Glendale 196,543
65%
West Hollywood 35,757
62%
Pomona 151,713
58%
Culver City 40,779
56%
West Covina 109,501
56%
Covina 51,268
55%
Newport Beach 85,239
55%
San Fernando 23,946
55%
Avalon 3,460
52%
Laguna Beach 23,032
52%
Costa Mesa 111,918
48%
Industry 264
48%
Manhattan Beach 35,506
48%
El Segundo 17,272
47%
Redondo Beach 71,576
47%
Calabasas 23,241
45%
Garden Grove 171,949
45%
Hawthorne 88,083
45%
Mission Viejo 93,653
45%
Carson 95,558
44%
Laguna Niguel 64,355
44%
Rancho Palos Verdes 42,287
44%
Whittier 87,306
44%
Yorba Linda 68,336
44%
Bell 33,559
42%
Downey 114,355
42%
Gardena 61,027
42%
Hermosa Beach 19,728
42%
San Clemente 64,293
42%
Seal Beach 25,242
42%
Claremont 37,266
41%
Diamond Bar 55,072
41%
San Gabriel 39,568
41%
El Monte 109,450
39%
Agoura Hills 20,299
38%
Arcadia 56,681
38%
Glendora 52,558
38%
San Dimas 34,924
38%
Westminster 90,911
38%
Alhambra 82,868
36%
Azusa 50,000
36%
Bellflower 79,190
36%
Huntington Park 54,883
36%
Laguna Hills 31,374
36%
Norwalk 102,773
36%
South Pasadena 26,943
36%
Tustin 80,276
36%
Buena Park 84,034
35%
Dana Point 33,107
35%
Laguna Woods 17,644
35%
La Habra 63,097
35%
Palos Verdes Estates 13,347
35%
Signal Hill 11,848
35%
Commerce 12,378
33%
Fountain Valley 57,047
33%
Lynwood 67,265
33%
San Juan Capistrano 35,196
33%
San Marino 12,513
33%
South Gate 92,726
33%
Brea 47,325
32%
Cypress 50,151
32%
Monterey Park 61,096
32%
Rolling Hills 1,739
32%
Rolling Hills Estates 8,280
32%
Aliso Viejo 52,176
30%
Baldwin Park 72,176
30%
Bell Gardens 39,501
30%
Cerritos 49,578
30%
La Cañada Flintridge 20,573
30%
Lakewood 82,496
30%
Hawaiian Gardens 14,149
29%
Paramount 53,733
29%
Rancho Santa Margarita 47,949
29%
Walnut 28,430
29%
Artesia 16,395
27%
Hidden Hills 1,725
27%
Lake Forest 85,858
27%
Santa Fe Springs 19,219
27%
South El Monte 19,567
27%
La Mirada 48,008
26%
La Verne 31,334
26%
Montebello 62,640
26%
Pico Rivera 62,088
26%
Temple City 36,494
26%
Vernon 222
26%
Westlake Village 8,029
26%
Duarte 21,727
24%
Lawndale 31,807
24%
Monrovia 37,931
24%
Placentia 51,824
23%
Sierra Madre 11,268
23%
Lomita 20,921
21%
Stanton 37,962
21%
Villa Park 5,843
21%
Cudahy 22,811
20%
Irwindale 1,472
20%
La Palma 15,581
18%
Los Alamitos 11,780
18%
Rosemead 51,185
18%
La Habra Heights 5,682
17%
La Puente 38,062
17%
Bradbury 921
15%
Maywood 25,138
14%
No matching quizzes found
Score Distribution
Percent of People with Each Score
Percentile by Number Answered
Your Score History
You have not taken this quiz